Datum a čas kvízu
26.5
Celkem bodů
Celkový počet nahraných bodů na tomto kvízu bez doplňovacích otázek.
5.
Pořadí na kvízu
Konečné umístění týmu na tomto kvízu.
Zaznamenané odpovědi
| # | Otázka | Odpověď | Body | Výsledky |
|---|---|---|---|---|
| 1. | Premiér Petr Fiala má nově pro... | TikTok | 1 | |
| 2. | Minulý týden se konal mítink D... | Barack Obama, Eminem | 1 | |
| 3. | Kapela Lucie ve čtvrtek oznámi... | Viktor Dyk, Štěpán Smetáček | 1 | |
| 4. | Minulý týden jsme se dozvěděli... | C) Alan Turing | 0 | |
| 5. | V pondělí se v Praze uskutečni... | Josef Dostál | 1 | |
| 6. | Vzhledem ke končící bohaté hou... | třeň, pochva | 0 | |
| 7. | Uveďte rodové jméno tohoto ptá... | čížek | 0 | |
| 8. | Při nocování v lese jste už mo... | liška | 0 | |
| 9. | Jak se u jelenovitých označuje... | vytloukání | 1 | |
| 10. | Na jaře se řada lidí vydává do... | konvalinka; ocún | 0.5 |